<?xml version='1.0' encoding='UTF-8'?>
  <record xmlns="http://www.loc.gov/MARC21/slim">
    <leader>00000cam a2200000Mi 4500</leader>
    <controlfield tag="001">ocm65621391</controlfield>
    <controlfield tag="003">OCoLC</controlfield>
    <controlfield tag="005">20240202180208.2</controlfield>
    <controlfield tag="008">901218s1846    ne       m    000 0 lat d</controlfield>
    <datafield tag="040" ind1=" " ind2=" ">
      <subfield code="a">NLGGC</subfield>
      <subfield code="b">dut</subfield>
      <subfield code="e">fobidrtb</subfield>
      <subfield code="c">NLGGC</subfield>
      <subfield code="d">PTS</subfield>
      <subfield code="d">OCLCO</subfield>
      <subfield code="d">OCLCF</subfield>
      <subfield code="d">OCLCA</subfield>
      <subfield code="d">OCLCO</subfield>
      <subfield code="d">OCLCL</subfield>
    </datafield>
    <datafield tag="029" ind1="0" ind2=" ">
      <subfield code="a">NLGGC</subfield>
      <subfield code="b">078789494</subfield>
    </datafield>
    <datafield tag="035" ind1=" " ind2=" ">
      <subfield code="a">(OCoLC)65621391</subfield>
    </datafield>
    <datafield tag="050" ind1="1" ind2="4">
      <subfield code="a">BS2622.3</subfield>
      <subfield code="b">.S36 1846</subfield>
    </datafield>
    <datafield tag="100" ind1="1" ind2=" ">
      <subfield code="a">Schouw Santvoort, P.D.</subfield>
      <subfield code="q">(Pieter Dirk),</subfield>
      <subfield code="d">1818-</subfield>
      <subfield code="1">https://id.oclc.org/worldcat/entity/E39PCjFT9FBbdrYrVbfJGx89Qm</subfield>
    </datafield>
    <datafield tag="245" ind1="1" ind2="0">
      <subfield code="a">Dissertatio theologica de oratione, a Petro apostolo, narrante Luca act II: 14-36, habita /</subfield>
      <subfield code="c">Petrus Didericus Schouw Santvoort.</subfield>
    </datafield>
    <datafield tag="246" ind1="3" ind2=" ">
      <subfield code="a">Dissertatio theologica de oratione, a Petro apostolo, narrante Luca act 2: 14-36, habita</subfield>
    </datafield>
    <datafield tag="246" ind1="3" ind2=" ">
      <subfield code="a">De oratione, a Petro apostolo, narrante Luca act. II: 14-36, habita</subfield>
    </datafield>
    <datafield tag="260" ind1=" " ind2=" ">
      <subfield code="a">Trajecti ad Rhenum :</subfield>
      <subfield code="b">Kemink et Filium,</subfield>
      <subfield code="c">1846.</subfield>
    </datafield>
    <datafield tag="300" ind1=" " ind2=" ">
      <subfield code="a">VIII, 133 p. ;</subfield>
      <subfield code="c">22 cm.</subfield>
    </datafield>
    <datafield tag="336" ind1=" " ind2=" ">
      <subfield code="a">tekst</subfield>
      <subfield code="b">txt</subfield>
      <subfield code="2">rdacontent/dut</subfield>
    </datafield>
    <datafield tag="337" ind1=" " ind2=" ">
      <subfield code="a">zonder medium</subfield>
      <subfield code="b">n</subfield>
      <subfield code="2">rdamedia/dut</subfield>
    </datafield>
    <datafield tag="338" ind1=" " ind2=" ">
      <subfield code="a">band</subfield>
      <subfield code="b">nc</subfield>
      <subfield code="2">rdacarrier/dut</subfield>
    </datafield>
    <datafield tag="502" ind1=" " ind2=" ">
      <subfield code="a">Proefschrift Utrecht.</subfield>
    </datafield>
    <datafield tag="600" ind1="0" ind2="0">
      <subfield code="a">Peter,</subfield>
      <subfield code="c">the Apostle, Saint</subfield>
      <subfield code="x">Sermons.</subfield>
    </datafield>
    <datafield tag="630" ind1="0" ind2="0">
      <subfield code="a">Bible.</subfield>
      <subfield code="p">Acts</subfield>
      <subfield code="x">Commentaries.</subfield>
    </datafield>
    <datafield tag="600" ind1="0" ind2="7">
      <subfield code="a">Peter,</subfield>
      <subfield code="c">the Apostle, Saint.</subfield>
      <subfield code="2">fast</subfield>
      <subfield code="0">(OCoLC)fst00031923</subfield>
      <subfield code="1">https://id.oclc.org/worldcat/entity/E39PBJf49HtKJXRqJ8g8Rx4rMP</subfield>
    </datafield>
    <datafield tag="630" ind1="0" ind2="7">
      <subfield code="a">Bible.</subfield>
      <subfield code="p">Acts.</subfield>
      <subfield code="2">fast</subfield>
      <subfield code="0">(OCoLC)fst01892885</subfield>
    </datafield>
    <datafield tag="655" ind1=" " ind2="7">
      <subfield code="a">Commentaries.</subfield>
      <subfield code="2">fast</subfield>
      <subfield code="0">(OCoLC)fst01423723</subfield>
    </datafield>
    <datafield tag="655" ind1=" " ind2="7">
      <subfield code="a">Sermons.</subfield>
      <subfield code="2">fast</subfield>
      <subfield code="0">(OCoLC)fst01423904</subfield>
    </datafield>
    <datafield tag="710" ind1="0" ind2=" ">
      <subfield code="a">Kemink, Hermanus Hendrik (II, Utrecht)</subfield>
      <subfield code="4">prt</subfield>
      <subfield code="0">(NL-LeOCL)077137884</subfield>
    </datafield>
    <datafield tag="710" ind1="0" ind2=" ">
      <subfield code="a">Kemink, Nicolaas Dirk (Utrecht)</subfield>
      <subfield code="4">prt</subfield>
      <subfield code="0">(NL-LeOCL)077170253</subfield>
    </datafield>
    <datafield tag="758" ind1=" " ind2=" ">
      <subfield code="a">Dissertatio theologica de oratione, a Petro apostolo, narrante Luca act II: 14-36, habita (Text)</subfield>
      <subfield code="1">https://id.oclc.org/worldcat/entity/E39PCFJCQttkwy4ggw7qfv6mMP</subfield>
      <subfield code="4">https://id.oclc.org/worldcat/ontology/hasWork</subfield>
    </datafield>
  </record>